000 00970nam a2200253Ia 4500
003 OSt
005 20221005105153.0
006 a|||||r|||| 00| 0
007 ta
008 221004b |||||||| |||| 00| 0 hin d
020 _a9788179752913 (hbk)
_c450
024 _a100397
037 _b402, 22/03/2010, Swaraj Prakashan
_cTextual
040 _aCRL
_cCRL
_bhin
041 _2hin
_ahin
082 _aO152,1N193:g, P9
100 _aशर्मा, रीता
245 0 _aगिरीजा कुमार माथुर के काव्य में जीवन - मूल्य
246 _aGirījā kumār māthur ke kāvya mean jīvan - mūlya
260 _aनई दिल्ली
_bअनामिका पब्लिशर्स भारत
_c2009
300 _a240पृ0
_ccm.
942 _hO152,1N193:g, P9
_cTEXL
_2cc
999 _c1014994
_d1014994